Entrada Término temático
Número de registros utilizados en: 6
001 - NÚMERO DE CONTROL
- campo de control: 13950
003 - IDENTIFICADOR DEL NÚMERO DE CONTROL
- campo de control: OSt
005 - FECHA Y HORA DE LA ÚLTIMA TRANSACCIÓN
- campo de control: 20240412175950.0
008 - DATOS DE LONGITUD FIJA
- campo de control de longitud fija: 200615|| aca||aabn | a|a d
040 ## - FUENTE DE LA CATALOGACIÓN
- Centro catalogador/agencia de origen: OSt
- Centro/agencia transcriptor: OSt
150 ## - ENCABEZAMIENTO--TÉRMINO DE MATERIA
- Término de materia o nombre geográfico como elemento de entrada: Medicamentos
360 ## - REFERENCIA COMPLEJA DE VÉASE ADEMÁS-MATERIA
- Enlace:
- Texto explicativo: encabezamientos que incluyan el término
- Encabezamiento referido a: medicamento
- Texto explicativo: también medicamentos individuales y grupos de medicamentos, por ejemplo
- Encabezamiento referido a: Narcóticos
- Texto explicativo: también la subdivisón
- Encabezamiento referido a: Uso terapéutico
- Texto explicativo: bajo químicos individuales y grupos de químicos, por ejemplo,
- Encabezamiento referido a: Cobre--Uso terapéutico; Insulina--Uso terapéutico
- Texto explicativo: y la subdivisión
- Encabezamiento referido a: Consumo de drogas
- Texto explicativo: bajo nombres de personas, clases de personas y grupos étnicos 450 0 |a Drugs
450 ## - TRAZADO DE VÉASE--TÉRMINO DE MATERIA
- Término de materia o nombre geográfico como elemento de entrada: Drugs
450 ## - TRAZADO DE VÉASE--TÉRMINO DE MATERIA
- Término de materia o nombre geográfico como elemento de entrada: Medicinas
450 ## - TRAZADO DE VÉASE--TÉRMINO DE MATERIA
- Término de materia o nombre geográfico como elemento de entrada: Productos farmacéuticos
450 ## - TRAZADO DE VÉASE--TÉRMINO DE MATERIA
- Término de materia o nombre geográfico como elemento de entrada: Farmacos
450 ## - TRAZADO DE VÉASE--TÉRMINO DE MATERIA
- Término de materia o nombre geográfico como elemento de entrada: Quimioterapia
450 ## - TRAZADO DE VÉASE--TÉRMINO DE MATERIA
- Término de materia o nombre geográfico como elemento de entrada: Farmacología
450 ## - TRAZADO DE VÉASE--TÉRMINO DE MATERIA
- Término de materia o nombre geográfico como elemento de entrada: Farmacia
670 ## - FUENTE DE DATOS ENCONTRADOS
- Cita de la fuente: Work cat.: (OSt)4611: Castillo Grullón, José, 1963- 13948, Narcotráfico y medios de comunicación :, 1997.
670 ## - FUENTE DE DATOS ENCONTRADOS
- Identificador Uniforme del Recurso: https://librunam.dgb.unam.mx:8443/F/6P88DRQ8RJJVP3X37DB3LVIML8HBMJEQMIGC4EPPE8QHVFVLJP-13399?func=full-set-set&set_number=023031&set_entry=000018&format=001 Consultado en: 12 de abril. 2024
